000 01435cam a22003617a 4500
001 12438851
003 OSt
005 20170323123653.0
008 010611s1999 nyua b 000 0 eng d
010 _a 2001271386
020 _a0590264664
035 _a(OCoLC)ocm41607594
040 _aUVT
_cUVT
_dTXA
_dDLC
042 _alccopycat
050 0 0 _aLB1574.5
_b.R63 1999
082 0 0 _a372.44
_221
100 1 _aRobb, Laura.
245 1 0 _aEasy mini-lessons for building vocabulary :
_bpractical strategies that boost word knowledge and reading comprehension /
_cby Laura Robb.
260 _aNew York :
_bScholastic Professional Books,
_cc1999.
300 _a96 p. :
_bill. ;
_c29 cm.
490 1 _aScholastic teaching strategies.
500 _a"Grades 4-8"--Cover.
504 _aIncludes bibliographical references (p. 96).
650 0 _aVocabulary
_xStudy and teaching (Elementary)
650 0 _aReading (Elementary)
_xActivity programs.
650 0 _aLanguage arts (Elementary)
_xActivity programs.
830 0 _aTeaching strategies.
856 4 2 _3Contributor biographical information
_uhttp://www.loc.gov/catdir/enhancements/fy1106/2001271386-b.html
856 4 2 _3Publisher description
_uhttp://www.loc.gov/catdir/enhancements/fy1106/2001271386-d.html
906 _a7
_bcbc
_ccopycat
_d3
_encip
_f20
_gy-gencatlg
942 _2lcc
_cBK
999 _c256354
_d256353